Detalles MARC
| 000 -LIDER |
| fixed length control field |
01638nam a2200337 a 4500 |
| 001 - NÚMERO DE CONTROL |
| Identificador de número de control |
00143 |
| 003 - IDENTIFICACDOR DE NÚMERO DE CONTROL |
| control field |
DO-SdBNP |
| 005 - DATE AND TIME OF LATEST TRANSACTION |
| control field |
20180312154641.0 |
| 007 - CAMPOS FIJOS DE DESCRIPCIÓN FÍSICA |
| fixed length control field |
00143 |
| 008 - ELEMENTOS DE LONGITUD FIJA |
| fixed length control field |
150130s2013 dr 2010 000 0 spa d |
| 020 ## - ISBN |
| International Standard Book Number |
9789945122039 |
| 040 ## - FUENTE DE CATALOGACIÓN |
| Agencia que crea de manera original el registro |
BNPHU |
| Idioma de catalogación |
spa |
| Agencia que realiza la transcripción |
BNPHU |
| 092 ## - LOCALLY ASSIGNED DEWEY DECIMAL CALL NUMBER |
| Número de clasificación |
373.7 |
| Número de ítem (Cutter) |
P349m 1ro. 2013 |
| 100 1# - ASIENTO PRINCIPAL -- NOMBRE PERSONAL |
| Nombre personal |
Peña Geraldino, Rafael |
| 245 10 - MENCIÓN DE TITULO |
| Título |
Matemática 1: |
| Subtítulo |
[educación media] / |
| Mención de responsabilidad |
Rafael Peña Geraldino ; ilustraciones Julio César Martínez |
| 260 ## - PUBLICACIÓN, DISTRIBUCIÓN, ETC. (PIE DE IMPRENTA) |
| Lugar de publicación, distribución, etc |
Santo Domingo : |
| Nombre del editor, distribuidor, etc. |
Ministerio de Educación : |
| -- |
Susaeta, |
| Fecha de publicación, distribución, etc |
2013 |
| 300 ## - DESCRIPCIÓN FÍSICA |
| Extensión |
206 p : |
| Otros detalles físicos |
il., retrs. ; |
| Dimensiones |
28 cm. |
| 505 1# - NOTA DE CONTENIDO |
| Título |
Unidad 1 -- La lógica -- |
| -- |
Unidad 2 -- La naturaleza y los conjuntos -- |
| -- |
Unidad 3 -- Inicios del álgebra -- |
| -- |
Unidad 4 -- Potenciación, radicación y factorización -- |
| -- |
Unidad 5 -- Operaciones algebraicas -- |
| -- |
Unidad 6 -- Modelos matemáticos -- |
| -- |
Unidad 7 -- Geómetras a través del tiempo -- |
| -- |
Unidad 8 -- La primera dama del álgebra, Hypatía -- |
| -- |
Unidad 9 -- Números imaginarios y números complejos -- |
| -- |
Unidad 10 -- Estadísticas y probabilidades -- |
| 650 ## - ENCABEZAMIENTO DE MATERIA--TEMÁTICO |
| Término temático o nombre geográfico como elemento de entrada |
EDUCACIÓN SECUNDARIA |
| Subdivisión geográfica |
REPÚBLICA DOMINICANA |
| 650 #4 - ENCABEZAMIENTO DE MATERIA--TEMÁTICO |
| Término temático o nombre geográfico como elemento de entrada |
MATEMÁTICAS |
| Subdivisión temática general |
LIBROS DE TEXTOS |
| 650 #4 - ENCABEZAMIENTO DE MATERIA--TEMÁTICO |
| Término temático o nombre geográfico como elemento de entrada |
MATEMÁTICAS |
| Subdivisión temática general |
ESTUDIOS Y EJERCICIOS |
| 650 #4 - ENCABEZAMIENTO DE MATERIA--TEMÁTICO |
| Término temático o nombre geográfico como elemento de entrada |
MATEMÁTICAS |
| Subdivisión temática general |
ENSEÑANZA SECUNDARIA |
| 700 1# - ASIENTO SECUNDARIO -- NOMBRE PERSONAL |
| Nombre personal |
Martínez, Julio César, |
| Mención de responsabilidad |
il. |
| 910 ## - VALIDACIÓN |
| Validación |
Validado. Control de calidad MFF |
| 942 ## - ADDED ENTRY ELEMENTS (KOHA) |
| Source of classification or shelving scheme |
Dewey Decimal Classification |
| Koha item type |
Libros |
| 945 ## - INFORMACIÓN DE PROCESAMIENTO LOCAL |
| Información de procesamiento local |
Remanejada para la BNPHU 2018 / BT |
| 956 ## - LOCAL ELECTRONIC LOCATION AND ACCESS (OCLC) |
| Nombre de host |
DGARCIA |
| Número de acceso |
10 |
| Información de compresión |
20150715 |
| Inicio de sesión |
BND01 |
| Procesador de solicitud |
0842 |
| 956 ## - LOCAL ELECTRONIC LOCATION AND ACCESS (OCLC) |
| Nombre de host |
YLOCKWARD |
| Número de acceso |
10 |
| Información de compresión |
20150720 |
| Inicio de sesión |
BND01 |
| Procesador de solicitud |
1321 |
| 956 ## - LOCAL ELECTRONIC LOCATION AND ACCESS (OCLC) |
| Nombre de host |
VMATEO |
| Número de acceso |
10 |
| Información de compresión |
20150720 |
| Inicio de sesión |
BPMSU |
| Procesador de solicitud |
00151 |
| 956 ## - LOCAL ELECTRONIC LOCATION AND ACCESS (OCLC) |
| Nombre de host |
BTAVÁREZ |
| Número de acceso |
10 |
| Información de compresión |
20160405 |
| Inicio de sesión |
143 |